00667cam a2200217 a 450000100060000000300080000600500170001400800410003102000150007203500190008704000350010604100080014108200240014910000410017324500720021426000490028630000250033550400510036065000140041165000240042549699BD-RjUL20211209054721.0160822s1977 enk b 000 0 eng d a0471994014 a(BD-RjUL)49819 aBD-RjULbengcBD-RjULdBD-RjUL aeng 223a364.3bFEC 19781 aFeldman, M. Philipq(Maurice Philip)10aCriminal behaviour :ba psychological analysis /cM. Philip Feldman aChichester :bWiley,cc1977 [reprinted 1978] axvi, 330 p. ;c24 cm aBibliography: p. [286]-313. - Includes indexes 0aCriminals 0aCriminal psychology